| 000 | 00383cam a22001337a 4500 | ||
|---|---|---|---|
| 008 | 180718b1972 xxu||||| |||| 00| 0 eng d | ||
| 082 | _aB20 Eb34 | ||
| 100 | _aEbenstein,William | ||
| 245 |
_aGreat political thinkers - Plato to the present _cBy William Ebenstein |
||
| 250 | _a3rd ed. | ||
| 260 |
_aCalcutta _bOxford & IBH _c1972 |
||
| 300 | _axii, 978p | ||
| 650 | _aPolitical science | ||
| 999 |
_c408663 _d408663 |
||